ABB The dancing giant : (Record no. 524000)
[ view plain ]
| 000 -LEADER | |
|---|---|
| fixed length control field | 00427nam a22001457a 4500 |
| 020 ## - INTERNATIONAL STANDARD BOOK NUMBER | |
| International Standard Book Number | 0273628615 |
| 040 ## - CATALOGING SOURCE | |
| Transcribing agency | NUST |
| 082 ## - DEWEY DECIMAL CLASSIFICATION NUMBER | |
| Classification number | 338.88721314 |
| Author Mark | BAR |
| 100 ## - MAIN ENTRY--PERSONAL NAME | |
| Personal name | Barham, Kevin |
| 9 (RLIN) | 14829 |
| 245 ## - TITLE STATEMENT | |
| Title | ABB The dancing giant : |
| Remainder of title | Creating the globally connected corporation / |
| Statement of responsibility, etc. | Kevin Barham. |
| 260 ## - PUBLICATION, DISTRIBUTION, ETC. | |
| Place of publication, distribution, etc. | London : |
| Name of publisher, distributor, etc. | British Library, |
| Date of publication, distribution, etc. | 1998. |
| 300 ## - PHYSICAL DESCRIPTION | |
| Extent | 382 p. : |
| Other physical details | ill, |
| Dimensions | 24 cm. |
| 500 ## - GENERAL NOTE | |
| General note | Includes indexes. |
| 942 ## - ADDED ENTRY ELEMENTS (KOHA) | |
| Source of classification or shelving scheme | |
| Koha item type | Book |
| Withdrawn status | Lost status | Source of classification or shelving scheme | Damaged status | Not for loan | Permanent Location | Current Location | Date acquired | Source of acquisition | Total Checkouts | Full call number | Barcode | Date last seen | Price effective from | Koha item type |
|---|---|---|---|---|---|---|---|---|---|---|---|---|---|---|
| Central Library (CL) | Central Library (CL) | 06/14/2019 | Donation | 338.88721314 BAR | CL-D-431 | 06/14/2019 | 06/14/2019 | Book |
